|
|
|
|
| LEADER |
00000nab a2200000 a 4500 |
| 001 |
vtls000026700 |
| 003 |
SK-MaSNL |
| 005 |
20260304072908.0 |
| 008 |
250423c1978 xo 0 slo |
| 015 |
|
|
|a SNBRB19rr/mm-uuuuu
|
| 035 |
|
|
|a CL0036794
|
| 035 |
|
|
|a urn:nbn:sk:snk-abpu
|
| 035 |
|
|
|a (urnnbn)urn:nbn:sk:snk:ar-a047ze
|
| 035 |
|
|
|a (uuid)b6ec93b7-6318-4dd7-af05-9cc1ccc1e1fc
|
| 040 |
|
|
|a SNKBUCL
|b slo
|c SNKBUCL
|e AACR2
|
| 041 |
0 |
|
|a eng
|
| 044 |
|
|
|a xo
|c SK
|
| 080 |
|
|
|a 539
|2 1981
|
| 080 |
|
|
|a 532
|2 1981
|
| 100 |
1 |
|
|a Korytár, Dušan
|4 aut
|9 5810
|
| 245 |
1 |
0 |
|a Short-range order parameter for liquid .He, Ne, and Ar
|c Dušan Korytár, Peter Mrafko
|
| 300 |
|
|
|b Obr. 1. Tb. 3.
|
| 650 |
0 |
7 |
|a kvapaliny
|2 snkbucl
|9 50943
|
| 650 |
0 |
7 |
|a He, Ne, Ar kvapalné
|2 snkbucl
|9 1361161
|
| 650 |
0 |
7 |
|a parameter blízkeho usporiadania
|2 snkbucl
|9 1361162
|
| 655 |
|
7 |
|a články z novín a časopisov
|2 snkbucl
|9 267496
|
| 700 |
1 |
|
|a Mrafko, Peter,
|d 1940-
|4 aut
|9 39846
|
| 773 |
0 |
|
|t Acta physica slovaca
|g Roč. 28, č. 2 (1978), s. 158-160
|
| 850 |
|
|
|a Slovenská národná knižnica
|
| 852 |
|
|
|a Slovenská národná knižnica
|
| 958 |
|
|
|a article27
|
| 958 |
|
|
|a RK
|
| 958 |
|
|
|a OND
|
| 958 |
|
|
|a EUIPO
|
| 992 |
|
|
|a RBX
|
| 999 |
|
|
|c 2768413
|d 2770343
|